Geography A-Z - Statistics

General Stats
  • This quiz has been taken 69 times
    27 since last reset
  • The average score is 17 of 26
Answer Stats
Letter Question Answer % Correct
D Country Comprising the Jutland Peninsula Denmark
100%
C Largest City in Illinois Chicago
94%
G Country with the Same Name as an US State Georgia
94%
B Bridgetown is the Capital of... Barbados
89%
Q French-Speaking Part of Canada Quebec
89%
Y One of the Two Longest Rivers in China Yangtze/ Yellow
89%
F Southern Atlantic Archipelago also Called Islas Malvinas Falkland Islands
78%
N Island Without an Official Capital Nauru
78%
X Capital of the Shaanxi Province Xi'an
78%
I Cultural Capital of the Scottish Highlands Inverness
72%
J Saudi Arabian Port City Jeddah
72%
K Its Capital Recently Changed to Nur-Sultan Kazakhstan
72%
O Capital Starting with 'O' Ottawa/ Oslo/ Ouagadougou
72%
V Largest City of Laos Vientiane
72%
Z Semi-Autonomous Region of Tanzania Zanzibar
61%
H Greek Name for Greece Hellas
56%
T Capital of China Taipei
56%
P Capital of Suriname Paramaribo
50%
R French Department in the Indian Ocean Réunion
50%
A Largerst City in Gujarat - India Ahmedabad
44%
S Largest City on Hokkaido Sapporo
44%
W Second-Largest City in the Free State Province of South Africa Named After the Dutch Word for Welcome Welkom
39%
E Capital of Iraqi Kurdistan Erbil
33%
M City on Sulawesi also Known as Ujung Padang Makassar
33%
L Sea Between Greenland and Canada Labrador Sea
22%
U Within Vilnius you Can Find the Self-Proclaimed Republic of... Užupis
11%
No matching quizzes found
Score Distribution
Percent of People with Each Score
Percentile by Number Answered
Your Score History
You have not taken this quiz since the last reset